Douglas County, Nebraska ZIP Codes (Map) - Statistics

General Stats
  • This quiz has been taken 10 times
  • The average score is 16 of 40
Answers on the Map
Answers color-coded by a green-red scale on the quiz's map according to % correct below.
 
Answer Stats
ZIP Code % Correct
68114
67%
68114
67%
68116
67%
68124
67%
68134
67%
68104
56%
68118
56%
68130
56%
68135
56%
68137
56%
68154
56%
68106
44%
68110
44%
68111
44%
68112
44%
68122
44%
68127
44%
68131
44%
68131
44%
68132
44%
68164
44%
68022
33%
68064
33%
68102
33%
68102
33%
68105
33%
68107
33%
68108
33%
68108
33%
68117
33%
68142
33%
68152
33%
68069
22%
68007
11%
68010
11%
68073
11%
68178
11%
68182
11%
68198
11%
51526
0%
No matching quizzes found
Score Distribution
Percent of People with Each Score
Percentile by Number Answered
Your Score History
You have not taken this quiz